Alkaloids from Holarrhena, Kopsia and Tabernaemontana : chemistry and bioactivity /
Saved in:
| Main Author: | |
|---|---|
| Format: | Thesis Book |
| Language: | English |
| Published: |
2001.
|
| Subjects: | |
| Tags: |
Add Tag
No Tags, Be the first to tag this record!
|
| LEADER | 00923cam a2200265 a 4500 | ||
|---|---|---|---|
| 001 | u486043 | ||
| 003 | SIRSI | ||
| 008 | 940711s2001 my a t 00010 eng m | ||
| 035 | |a ACQ-3679 | ||
| 040 | |a UMM | ||
| 090 | |a QK898 |b A4Sim | ||
| 100 | 1 | 0 | |a Sim, Kooi Mow. |
| 245 | 1 | 0 | |a Alkaloids from Holarrhena, Kopsia and Tabernaemontana : |b chemistry and bioactivity / |c Sim Kooi Mow. |
| 260 | |c 2001. | ||
| 300 | |a xxxiii, 465 leaves : |b ill. ; |c 29 cm. | ||
| 502 | |a Thesis (Ph.D.) -- Jabatan Kimia, Fakulti Sains, Universiti Malaya, 2001. | ||
| 504 | |a Bibliography: leaves 444-465. | ||
| 650 | 0 | |a Alkaloids |x Analysis. | |
| 650 | 0 | |a Holarrhena |x Analysis. | |
| 650 | 0 | |a Kopsia |x Analysis | |
| 650 | 0 | |a Tabernaemontana |x Analysis. | |
| 710 | 2 | 0 | |a Universiti Malaya. |b Jabatan Kimia. |
| 948 | |a 02/08/2001 |b 17/06/2002 | ||
| 596 | |a 1 | ||
| 999 | |a QK898 A4SIM |w LC |c 1 |i A510576273 |d 16/12/2012 |e 16/12/2012 |l STACKS |m P01UTAMA |n 1 |r Y |s Y |t TESIS |u 22/5/2002 | ||
